The European Datum 1987 (ED87): report on the symposium of the IAG subcommission for the new adjustment of the European triangulation (RETrig) held in Lisbon 10-13 May 1988 (and) ... Report on the meeting of the IAG Subcommission for the European Reference Frame (EUREF) held in Munich 20-21 October 1988. (Record no. 91046)

MARC details
000 -LEADER
fixed length control field 01070cam a2200301 4500
001 - CONTROL NUMBER
control field J1186
008 - FIXED-LENGTH DATA ELEMENTS--GENERAL INFORMATION
fixed length control field 090401t1989 xxu||||| |||| 00| 0 eng d
035 ## - SYSTEM CONTROL NUMBER
System control number (Sirsi) u42240
041 ## - LANGUAGE CODE
Language code of text/sound track or separate title eng
050 ## - LIBRARY OF CONGRESS CALL NUMBER
Classification number 526.33
245 #4 - TITLE STATEMENT
Title The European Datum 1987 (ED87): report on the symposium of the IAG subcommission for the new adjustment of the European triangulation (RETrig) held in Lisbon 10-13 May 1988 (and) ... Report on the meeting of the IAG Subcommission for the European Reference Frame (EUREF) held in Munich 20-21 October 1988.
260 ## - PUBLICATION, DISTRIBUTION, ETC.
Place of publication, distribution, etc. Muenchen
Name of publisher, distributor, etc. International Association of Geodesy
Date of publication, distribution, etc. 1989
300 ## - PHYSICAL DESCRIPTION
Extent 302p. : ill.,maps ; 30cm
350 ## - PRICE (NR) (BK AM CF MU VM SE) [OBSOLETE]
Price 0
490 ## - SERIES STATEMENT
Series statement Publication
Volume/sequential designation 18
650 ## - SUBJECT ADDED ENTRY--TOPICAL TERM
Topical term or geographic name entry element EUREF
650 ## - SUBJECT ADDED ENTRY--TOPICAL TERM
Topical term or geographic name entry element EUROPE
650 ## - SUBJECT ADDED ENTRY--TOPICAL TERM
Topical term or geographic name entry element EUROPEAN REFERENCE FRAME
650 ## - SUBJECT ADDED ENTRY--TOPICAL TERM
Topical term or geographic name entry element GEODESY
650 ## - SUBJECT ADDED ENTRY--TOPICAL TERM
Topical term or geographic name entry element RETRIANGULATION
650 ## - SUBJECT ADDED ENTRY--TOPICAL TERM
Topical term or geographic name entry element RETRIG SUBCOMMISSION
690 ## - LOCAL SUBJECT ADDED ENTRY--TOPICAL TERM (OCLC, RLIN)
Topical term or geographic name as entry element LAND SURVEYING
700 ## - ADDED ENTRY--PERSONAL NAME
Personal name Horner, Helmut
International Standard Serial Number Editor
700 ## - ADDED ENTRY--PERSONAL NAME
Personal name Poder, Knud
International Standard Serial Number Editor
710 ## - ADDED ENTRY--CORPORATE NAME
Corporate name or jurisdiction name as entry element International Association of Geodesy
9 (RLIN) 445
942 ## - ADDED ENTRY ELEMENTS (KOHA)
Suppress in OPAC 0
948 ## - LOCAL PROCESSING INFORMATION (OCLC); SERIES PART DESIGNATOR (RLIN)
c (OCLC) 04/03/1997
Holdings
Withdrawn status Lost status Source of classification or shelving scheme Damaged status Not for loan Home library Current library Shelving location Date acquired Total Checkouts Full call number Barcode Date last seen Copy number Price effective from Koha item type
    Dewey Decimal Classification     London London Basement 21/12/1992   SHELF 202 30037712 06/08/2019 1 06/08/2019 Book